| 000 | 00546nam a22001817a 4500 | ||
|---|---|---|---|
| 005 | 20250416150251.0 | ||
| 008 | 250409b |||||||| |||| 00| 0 eng d | ||
| 020 | _a9781787151031 | ||
| 041 | _aeng | ||
| 082 | _a025.0422 THO | ||
| 100 | _aThomas, Jimmy | ||
| 245 | _aMobile Technologies in Libraries | ||
| 260 |
_aUK _bKruger Brentt Publisher Uk. Ltd., _c2023 |
||
| 300 | _a335; pages 25 cm | ||
| 650 | _aMobile Communication Systems ; Library Applications; Libraries Information Technology. | ||
| 700 | _aTremblay, Nicholas | ||
| 942 | _cBK | ||
| 999 |
_c43609 _d43609 |
||